| 000 | 00897nam a2200253Ia 4500 | ||
|---|---|---|---|
| 001 | 9887 | ||
| 003 | GE_BSU | ||
| 008 | 181216s||||||||xx |||||||||||||| ||und|| | ||
| 020 | _a9994063340 | ||
| 040 | _cGE_BSU | ||
| 080 | _a821.353.1-32+821.353.1-31 | ||
| 100 | _aმორჩილაძე,აკა | ||
| 245 | _aქაღალდის ტყვია | ||
| 245 | _bმცირე რომანი,მოთხრობები | ||
| 245 | _cყდის დიზაინი:ვარვარიძე | ||
| 250 | _a1-ლი გამოც. | ||
| 260 | _aთბილისი. | ||
| 260 | _bბაკურ სულაკაურის გამ-ბა. | ||
| 260 | _c2006 | ||
| 300 | _a162გვ;20სმ. | ||
| 541 | _h7ლ.20თ. | ||
| 653 | _aქაღალდის ტყვია:მცირე რომანი,მოთხრობები | ||
| 942 | _cBK | ||
| 999 |
_c43166 _d43166 |
||